000 00660 a2200241 4500
001 7298
003 Complexo Educacional Contemporaneo
005 20230919130024.0
008 200511s1992 r por d
020 _a85-262-1887-5
040 _aComplexo Educacional Contemporaneo
_bpor
080 _a82-1
082 _a82-1
090 _a82-1 A354b
_bAP
100 _aAlcoforado Filho, Hardy Guedes
240 1 0 _aO Bailado: Primeiros movimentos
_lPortuguês
260 _aSão Paulo
_bScipione
_c1992
300 _a32p.
362 0 _a(1992)
650 4 _aPoesia
245 1 0 _aO Bailado: Primeiros movimentos
999 _c7298
_d7298